The cyclotron /

Bibliographic Details
Main Author: Mann, Wilfred Basil
Format: Book
Language:English
Published: London : Methuen & Co., [1940]
Subjects:

MARC

Tag First Indicator Second Indicator Subfields
LEADER 00000cam a2200000 4500
001 in00000045534
005 20151007073131.0
008 800609s1940 enkac b 00010 eng d
035 |a (OCoLC)06399476 
035 |9 AAE9186AM 
040 |a TXA  |c TXA  |d UtOrBLW 
049 |a TXAM  |c [94855] 
090 |a QD559  |b M28 
092 |a 541.2  |b M282c 
100 1 |a Mann, Wilfred Basil. 
245 1 4 |a The cyclotron /  |c by W. B. Mann ... With a foreword by Professor E. O. Lawrence ... With a frontispiece and 31 diagrams. 
264 1 |a London :  |b Methuen & Co.,  |c [1940] 
300 |a xi, 92 pages including frontispiece (port.) illustrations, diagrams ;  |c 17 cm. 
336 |a text  |b txt  |2 rdacontent 
337 |a unmediated  |b n  |2 rdamedia 
338 |a volume  |b nc  |2 rdacarrier 
500 |a "Printed in Great Britain." 
504 |a "References": pages 89-90. 
650 0 |a Cyclotrons. 
999 |a MARS 
999 f f |s fb5413d9-0f23-3553-a6fa-9f1e93025275  |i 9ef30819-6eca-396f-855c-739d49c93c5c  |t 0 
952 f f |p normal  |a Texas A&M University  |b College Station  |c Sterling C. Evans Library  |d Evans: Library Stacks  |t 0  |e QD559 M28  |h Library of Congress classification  |i unmediated -- volume  |m A14800934824 
998 f f |a QD559 M28  |t 0  |l Evans: Library Stacks